[Event "Lyon ECAM IM (Women)"]
[Site "Lyon"]
[Date "2023.04.14"]
[Round "7"]
[White "Cornileau, Juliette"]
[Black "Meftahi, Houssem"]
[Result "0-1"]
[WhiteElo "2054"]
[BlackElo "2094"]
[PlyCount "96"]
[EventDate "2023.04.10"]
[EventType "tourn"]
[EventRounds "9"]
[EventCountry "FRA"]
[SourceTitle "EXT 2024"]
[Source "ChessBase"]
[SourceDate "2023.10.10"]
[SourceVersion "1"]
[SourceVersionDate "2023.10.10"]
[SourceQuality "1"]

1. d4 Nf6 2. c4 e6 3. Nc3 d5 4. cxd5 exd5 5. Bg5 Nbd7 6. e3 c6 7. Bd3 Be7 8. Nge2 Nh5 9. Bxe7 Qxe7 10. Qc2 g6 11. h3 Nb6 12. g4 Ng7 13. Nf4 Ne6 14. 0-0-0 Bd7 15. Rhe1 Qf6 16. Nxe6 Bxe6 17. Kb1 h5 18. g5 Qxg5 19. f4 Qh4 20. f5 gxf5 21. Bxf5 0-0-0 22. Ne2 Qf2 23. Bxe6+ fxe6 24. Qc3 Qf5+ 25. Ka1 Qxh3 26. Nf4 Qf5 27. a4 Nxa4 28. Qa5 Nb6 29. Rd3 e5 30. dxe5 Qxe5 31. Rb3 Nc4 32. Qxa7 Qb8 33. Qd4 Rhe8 34. Nxh5 Re4 35. Qd1 Qa7+ 36. Kb1 Qa4 37. Nf6 Re6 38. Qg4 Nd2+ 39. Kc2 Qxg4 40. Nxg4 Nxb3 41. Kxb3 Rde8 42. Kc2 Re4 43. Nf6 Rxe3 44. Rg1 Rf8 45. Nh5 Rf2+ 46. Kb1 Ree2 47. Rg8+ Kc7 48. Rg7+ Kb6 0-1

[Event "Lyon ECAM IM (Women)"]
[Site "Lyon"]
[Date "2023.04.12"]
[Round "4"]
[White "Meftahi, Houssem"]
[Black "Doluhanova, Evgeniya"]
[Result "0-1"]
[WhiteElo "2094"]
[BlackElo "2318"]
[PlyCount "85"]
[EventDate "2023.04.10"]
[EventType "tourn"]
[EventRounds "9"]
[EventCountry "FRA"]
[SourceTitle "EXT 2024"]
[Source "ChessBase"]
[SourceDate "2023.10.10"]
[SourceVersion "1"]
[SourceVersionDate "2023.10.10"]
[SourceQuality "1"]

1. e4 e5 2. Bc4 Nf6 3. Nc3 Nxe4 4. Qh5 Nd6 5. Qxe5+ Qe7 6. Qxe7+ Bxe7 7. Be2 Nf5 8. Nf3 c6 9. d4 d5 10. Bf4 h6 11. h3 g5 12. Bh2 Be6 13. 0-0-0 Nd7 14. Bd3 0-0-0 15. Rhe1 Rde8 16. Ne5 Ng7 17. Re2 Nxe5 18. Bxe5 f6 19. Bh2 Bf5 20. Rde1 Kd8 21. Bb8 Bxd3 22. cxd3 a6 23. a3 Nf5 24. Ba7 Nh4 25. g3 Nf3 26. Rh1 f5 27. Bb6+ Kd7 28. Na4 Bd6 29. Kd1 h5 30. Nc3 h4 31. gxh4 Rxh4 32. Rxe8 Kxe8 33. Ke2 g4 34. Nd1 f4 35. Nc3 Kd7 36. Nb1 Ng5 37. Nd2 f3+ 38. Ke1 Rxh3 39. Rg1 g3 40. fxg3 Bxg3+ 41. Kf1 f2 42. Rxg3 Rxg3 43. Kxf2 0-1

[Event "Titled Tuesday intern op 28th Feb Late"]
[Site "Chess.com INT"]
[Date "2023.02.28"]
[Round "3"]
[White "Meftahi, Houssem"]
[Black "Karamsetty, Jeevan"]
[Result "0-1"]
[WhiteElo "2083"]
[BlackElo "2206"]
[PlyCount "58"]
[EventDate "2023.02.28"]
[EventType "swiss (blitz)"]
[EventRounds "11"]
[EventCountry "USA"]
[SourceTitle "CBM 213 Extra"]
[Source "ChessBase"]
[SourceDate "2023.05.31"]
[SourceVersion "1"]
[SourceVersionDate "2023.05.31"]
[SourceQuality "1"]

1. e4 e5 2. Bc4 Nc6 3. Nc3 Nf6 4. d3 Be7 5. f4 d6 6. Nf3 0-0 7. 0-0 Be6 8. f5 Bxc4 9. dxc4 Nb8 10. Bg5 c6 11. Bxf6 Bxf6 12. g4 Qb6+ 13. Kg2 Qxb2 14. Qd3 Na6 15. g5 Be7 16. f6 gxf6 17. gxf6 Bxf6 18. Rab1 Qa3 19. Kh1 Kh8 20. Qe3 Nc5 21. Rg1 Rg8 22. Qh6 Rg6 23. Rxg6 fxg6 24. Qd2 Rf8 25. Qxd6 Bg7 26. Rb3 Qc1+ 27. Ng1 Nxb3 28. axb3 Qe3 29. Nce2 Qxe4+ 0-1

[Event "Titled Tuesday intern op 28th Feb Late"]
[Site "Chess.com INT"]
[Date "2023.02.28"]
[Round "4"]
[White "Rodrigues, Tiago Pereira"]
[Black "Meftahi, Houssem"]
[Result "1-0"]
[WhiteElo "2155"]
[BlackElo "2083"]
[PlyCount "121"]
[EventDate "2023.02.28"]
[EventType "swiss (blitz)"]
[EventRounds "11"]
[EventCountry "USA"]
[SourceTitle "CBM 213 Extra"]
[Source "ChessBase"]
[SourceDate "2023.05.31"]
[SourceVersion "1"]
[SourceVersionDate "2023.05.31"]
[SourceQuality "1"]

1. c4 e6 2. e3 d5 3. f4 d4 4. Nf3 dxe3 5. dxe3 Qxd1+ 6. Kxd1 c5 7. b3 Nf6 8. Bb2 Nc6 9. Kc1 Be7 10. Bd3 Ng4 11. Re1 Nb4 12. Bf1 0-0 13. a3 Nc6 14. h3 Nf6 15. Nbd2 b6 16. Kc2 Bb7 17. Rad1 a5 18. g4 a4 19. g5 axb3+ 20. Nxb3 Ne4 21. Rd7 Bc8 22. Rc7 Bd6 23. Rxc6 Bd7 24. Rxb6 Bc7 25. Rb7 Rfc8 26. Be5 Bxe5 27. Nxe5 Ba4 28. Bg2 Nd6 29. Rb6 Rab8 30. Rxb8 Rxb8 31. Rb1 Nf5 32. Be4 Nxe3+ 33. Kc3 f5 34. gxf6 gxf6 35. Nd3 f5 36. Bf3 Kg7 37. Ndxc5 Bxb3 38. Rxb3 Rc8 39. Nxe6+ Kf6 40. Nd4 Nxc4 41. Kd3 Kg7 42. Nxf5+ Kg6 43. Nd4 Kg7 44. a4 Kf6 45. Bb7 Rc7 46. h4 Na5 47. Rb6+ Kf7 48. Bd5+ Ke7 49. Rb5 Rc1 50. Rxa5 Rd1+ 51. Kc4 Rc1+ 52. Kb4 Rb1+ 53. Kc5 Rf1 54. f5 Kf6 55. Ra6+ Ke5 56. Re6+ Kf4 57. f6 Kg4 58. Bc4 Rf4 59. a5 Kxh4 60. a6 Kg5 61. a7 1-0

[Event "Wroclaw op-A"]
[Site "Wroclaw"]
[Date "2022.08.02"]
[Round "4"]
[White "Mis, Mieszko"]
[Black "Meftahi, Houssem"]
[Result "1-0"]
[WhiteElo "2401"]
[BlackElo "2113"]
[PlyCount "77"]
[EventDate "2022.07.31"]
[EventType "swiss"]
[EventRounds "9"]
[EventCountry "POL"]
[SourceTitle "CBM 209 Extra"]
[Source "ChessBase"]
[SourceDate "2022.09.30"]
[SourceVersion "1"]
[SourceVersionDate "2022.09.30"]
[SourceQuality "1"]

1. e4 c5 2. Nf3 Nc6 3. Bb5 e6 4. Bxc6 bxc6 5. d3 Ne7 6. Qe2 Ng6 7. h4 h5 8. e5 Be7 9. Qe4 d5 10. exd6 Qxd6 11. Na3 Qd5 12. Nc4 Ba6 13. Ne3 Qxe4 14. dxe4 Bf6 15. g3 Rb8 16. Nd2 Bxb2 17. Bxb2 Rxb2 18. Nb3 c4 19. Nc5 Bc8 20. a4 Ne5 21. Kd2 Ke7 22. Kc3 Rb8 23. Rhd1 Rd8 24. Rab1 Rxb1 25. Rxb1 Kd6 26. Rd1+ Kc7 27. Rxd8 Kxd8 28. f4 Nf3 29. Nxc4 Kc7 30. e5 Nh2 31. Nd6 Nf1 32. Nce4 f5 33. exf6 gxf6 34. Ne8+ Kd8 35. N8xf6 Ke7 36. Nxh5 e5 37. fxe5 Bg4 38. Nhf6 Bf3 39. h5 1-0

[Event "Wroclaw op-A"]
[Site "Wroclaw"]
[Date "2022.07.31"]
[Round "1"]
[White "Krawiec, Grzegorz"]
[Black "Meftahi, Houssem"]
[Result "0-1"]
[WhiteElo "1760"]
[BlackElo "2113"]
[PlyCount "34"]
[EventDate "2022.07.31"]
[EventType "swiss"]
[EventRounds "9"]
[EventCountry "POL"]
[SourceTitle "CBM 209 Extra"]
[Source "ChessBase"]
[SourceDate "2022.09.30"]
[SourceVersion "1"]
[SourceVersionDate "2022.09.30"]
[SourceQuality "1"]

1. e4 c5 2. Nf3 e6 3. d4 cxd4 4. Nxd4 Nc6 5. Nc3 Qc7 6. Be3 a6 7. Be2 Nf6 8. 0-0 Bb4 9. f3 0-0 10. Na4 d5 11. exd5 Nxd5 12. Bf2 Bd6 13. h3 Nf4 14. c3 Rd8 15. Qe1 Qa5 16. Nxc6 bxc6 17. Nb6 Qe5 0-1

[Event "Wroclaw op-A"]
[Site "Wroclaw"]
[Date "2022.07.31"]
[Round "2"]
[White "Meftahi, Houssem"]
[Black "Grabarczyk, Miroslaw"]
[Result "1/2-1/2"]
[WhiteElo "2113"]
[BlackElo "2371"]
[PlyCount "29"]
[EventDate "2022.07.31"]
[EventType "swiss"]
[EventRounds "9"]
[EventCountry "POL"]
[SourceTitle "CBM 209 Extra"]
[Source "ChessBase"]
[SourceDate "2022.09.30"]
[SourceVersion "1"]
[SourceVersionDate "2022.09.30"]
[SourceQuality "1"]

1. e4 e5 2. Bc4 Nc6 3. Nc3 Nf6 4. d3 Bb4 5. Nf3 0-0 6. 0-0 h6 7. Nd5 Be7 8. Nxe7+ Qxe7 9. Nh4 Qd8 10. Ng6 Re8 11. f4 d6 12. fxe5 dxe5 13. Nh4 Be6 14. Bxe6 Rxe6 15. Nf5 1/2-1/2

[Event "Wroclaw Anderssen Memorial"]
[Site "Wroclaw"]
[Date "2022.07.30"]
[Round "9"]
[White "Madej, Marek"]
[Black "Meftahi, Houssem"]
[Result "0-1"]
[WhiteElo "1995"]
[BlackElo "2113"]
[PlyCount "93"]
[EventDate "2022.07.30"]
[EventType "swiss (rapid)"]
[EventRounds "9"]
[EventCountry "POL"]
[SourceTitle "CBM 209 Extra"]
[Source "ChessBase"]
[SourceDate "2022.09.30"]
[SourceVersion "1"]
[SourceVersionDate "2022.09.30"]
[SourceQuality "1"]

1. e4 c5 2. Nf3 e6 3. d4 cxd4 4. Nxd4 Nc6 5. Nc3 Qc7 6. Be3 a6 7. Qd2 Nf6 8. 0-0-0 Bb4 9. f3 Ne7 10. Nb3 d5 11. Kb1 0-0 12. e5 Nd7 13. f4 Bxc3 14. Qxc3 Qxc3 15. bxc3 b6 16. Bd3 Bb7 17. h4 Rac8 18. Kb2 Nc5 19. Nxc5 bxc5 20. Rhg1 c4 21. Be2 Bc6 22. Ka1 Ba4 23. Rd2 Nf5 24. Bf2 Rb8 25. g4 Ne7 26. Bc5 Rfe8 27. h5 Nc6 28. Bd6 Rb7 29. Bf3 Ne7 30. f5 Nc8 31. Ba3 Bd7 32. f6 Nb6 33. g5 g6 34. hxg6 fxg6 35. Rb1 Reb8 36. Bd6 Rc8 37. Rf2 Bb5 38. Bg4 Re8 39. Rh1 Rf7 40. Rfh2 Na4 41. Rxh7 Rxh7 42. Bxe6+ Rxe6 43. Rxh7 Kxh7 44. f7 Re8 45. e6 Kg7 46. fxe8Q Bxe8 47. Kb1 0-1

[Event "Francophonie-chT Rapid"]
[Site "Tornelo INT"]
[Date "2022.06.05"]
[Round "11.5"]
[White "Meftahi, Houssem"]
[Black "Shuqja, Klean"]
[Result "1/2-1/2"]
[WhiteElo "2113"]
[BlackElo "1845"]
[PlyCount "90"]
[EventDate "2022.06.04"]
[EventType "team-swiss (rapid)"]
[EventRounds "11"]
[EventCountry "FRA"]
[SourceTitle "CBM 208 Extra"]
[Source "ChessBase"]
[SourceDate "2022.07.31"]
[SourceVersion "1"]
[SourceVersionDate "2022.07.31"]
[SourceQuality "1"]
[WhiteTeam "Tunisia II"]
[BlackTeam "Albania II"]
[WhiteTeamCountry "TUN"]
[BlackTeamCountry "ALB"]

1. e4 d5 2. exd5 Qxd5 3. Nc3 Qd8 4. d4 Nf6 5. h3 a6 6. Nf3 b5 7. Bd3 Bb7 8. 0-0 e6 9. Bg5 Be7 10. Bxf6 Bxf6 11. Ne4 Nd7 12. a4 b4 13. a5 Qe7 14. c4 c5 15. d5 Bxb2 16. dxe6 fxe6 17. Rb1 Bf6 18. Bc2 0-0 19. Rb3 Rad8 20. Qe2 g6 21. Re3 Bd4 22. Nxd4 cxd4 23. Rg3 Bxe4 24. Qxe4 Nc5 25. Qe5 d3 26. Bb1 Qd6 27. Qe3 e5 28. Qh6 e4 29. Qd2 Qd4 30. Qxb4 d2 31. Bc2 Rb8 32. Qc3 Qxc3 33. Rxc3 Rbd8 34. Rd1 Rd4 35. Kf1 Rfd8 36. Ke2 Kf7 37. Bb1 Nb7 38. c5 Nxa5 39. c6 Rc8 40. c7 Rd7 41. Bxe4 Rdxc7 42. Rf3+ Kg7 43. Rxd2 Re7 44. Rd4 Rc4 45. Kd3 Rxd4+ 1/2-1/2

[Event "TUN-ch"]
[Site "Hammamet"]
[Date "2022.05.14"]
[Round "10"]
[White "Ben Ammar, Mohamed"]
[Black "Meftahi, Houssem"]
[Result "1-0"]
[WhiteElo "2125"]
[BlackElo "2120"]
[PlyCount "71"]
[EventDate "2022.05.07"]
[EventType "tourn"]
[EventRounds "11"]
[EventCountry "TUN"]
[SourceTitle "CBM 208 Extra"]
[Source "ChessBase"]
[SourceDate "2022.07.31"]
[SourceVersion "1"]
[SourceVersionDate "2022.07.31"]
[SourceQuality "1"]

1. d4 Nf6 2. c4 e6 3. Nc3 d5 4. Nf3 Bb4 5. Qa4+ Nc6 6. e3 0-0 7. Bd2 a6 8. Bd3 Rb8 9. Qc2 Bd6 10. a3 dxc4 11. Bxc4 e5 12. d5 Ne7 13. e4 Ng6 14. Be2 Nh5 15. g3 Nf6 16. h3 Ne8 17. Bd3 Bc5 18. Nd1 Qe7 19. Be3 Bd6 20. Nc3 Kh8 21. h4 Qd8 22. h5 Ne7 23. Nh4 Bg4 24. f3 Bd7 25. g4 Ng8 26. g5 Be7 27. Qd2 Nd6 28. 0-0-0 b5 29. Ng6+ fxg6 30. hxg6 h6 31. gxh6 Rf4 32. Bxf4 exf4 33. hxg7+ Kxg7 34. e5 Nf5 35. Rh7+ Kxg6 36. Qh2 1-0

[Event "TUN-ch"]
[Site "Hammamet"]
[Date "2022.05.11"]
[Round "6"]
[White "Boudriga, Mohamed Ali"]
[Black "Meftahi, Houssem"]
[Result "1-0"]
[WhiteElo "2308"]
[BlackElo "2120"]
[PlyCount "75"]
[EventDate "2022.05.07"]
[EventType "tourn"]
[EventRounds "11"]
[EventCountry "TUN"]
[SourceTitle "CBM 208 Extra"]
[Source "ChessBase"]
[SourceDate "2022.07.31"]
[SourceVersion "1"]
[SourceVersionDate "2022.07.31"]
[SourceQuality "1"]

1. d4 d5 2. Nf3 Nf6 3. e3 e6 4. Bd3 Bd6 5. Nbd2 Nbd7 6. Qe2 0-0 7. c4 c6 8. 0-0 Re8 9. Rd1 Qe7 10. e4 dxe4 11. Nxe4 Nxe4 12. Qxe4 Nf8 13. c5 Bc7 14. Bf4 e5 15. Bxe5 Bxe5 16. Qxe5 Bg4 17. Qxe7 Rxe7 18. Bc4 Bxf3 19. gxf3 Ng6 20. d5 Ne5 21. d6 Nxf3+ 22. Kg2 Nh4+ 23. Kh3 Re5 24. Kxh4 Re4+ 25. Kg3 Rxc4 26. Rac1 Re4 27. Re1 Ree8 28. Rxe8+ Rxe8 29. Rc3 Kf8 30. Rd3 Rd8 31. Kf4 f6 32. Ke4 Kf7 33. Kd4 g6 34. b4 a6 35. b5 cxb5 36. Kd5 Re8 37. d7 Re1 38. Kd6 1-0

[Event "TUN-ch"]
[Site "Hammamet"]
[Date "2022.05.09"]
[Round "3"]
[White "Meftahi, Houssem"]
[Black "Amdouni, Zoubaier"]
[Result "1/2-1/2"]
[WhiteElo "2120"]
[BlackElo "2218"]
[PlyCount "43"]
[EventDate "2022.05.07"]
[EventType "tourn"]
[EventRounds "11"]
[EventCountry "TUN"]
[SourceTitle "CBM 208 Extra"]
[Source "ChessBase"]
[SourceDate "2022.07.31"]
[SourceVersion "1"]
[SourceVersionDate "2022.07.31"]
[SourceQuality "1"]

1. d4 f5 2. c4 Nf6 3. Nc3 e6 4. Nf3 Bb4 5. Bd2 b6 6. e3 Bb7 7. d5 0-0 8. a3 Bxc3 9. Bxc3 Ne4 10. Rc1 Qe7 11. Be2 Nxc3 12. Rxc3 e5 13. e4 f4 14. Nd2 a5 15. c5 Na6 16. cxb6 cxb6 17. 0-0 Nc5 18. Rh3 a4 19. Nc4 Qf6 20. Nd2 Qg6 21. Bh5 Qf6 22. Be2 1/2-1/2

[Event "Titled Tuesday intern op 01st Feb-B"]
[Site "Chess.com INT"]
[Date "2022.02.02"]
[Round "8"]
[White "Horak, Martin"]
[Black "Meftahi, Houssem"]
[Result "1/2-1/2"]
[WhiteElo "2329"]
[BlackElo "2098"]
[PlyCount "95"]
[EventDate "2022.02.02"]
[EventType "swiss (blitz)"]
[EventRounds "11"]
[EventCountry "USA"]
[SourceTitle "CBM 206 Extra"]
[Source "ChessBase"]
[SourceDate "2022.03.31"]
[SourceVersion "1"]
[SourceVersionDate "2022.03.31"]
[SourceQuality "1"]

1. d4 d5 2. c4 e6 3. Nc3 Nf6 4. cxd5 exd5 5. Bg5 Nbd7 6. e3 c6 7. Bd3 Be7 8. Nge2 Nh5 9. Bxe7 Qxe7 10. 0-0 0-0 11. Rb1 Nhf6 12. b4 a6 13. a4 b5 14. a5 Ne8 15. e4 Ndf6 16. e5 Nd7 17. f4 f5 18. g4 Nb8 19. Ng3 g6 20. gxf5 Bxf5 21. Nxf5 gxf5 22. Kh1 Nc7 23. Qh5 Qf7 24. Rg1+ Kh8 25. Qh6 Ne6 26. Ne2 Nd7 27. Rg3 Rg8 28. Rbg1 Rxg3 29. Rxg3 Rg8 30. Kg2 Rxg3+ 31. hxg3 Qg6 32. Qh4 Qf7 33. Qh3 Ng7 34. Ng1 Nf8 35. Nf3 Nfe6 36. Kf2 Qf8 37. Ke3 Qxb4 38. Bxf5 Qa3+ 39. Bd3 Qc1+ 40. Ke2 Qb2+ 41. Ke3 Qc1+ 42. Ke2 Qb2+ 43. Ke3 h5 44. f5 Qc1+ 45. Ke2 Qb2+ 46. Ke3 Qc1+ 47. Ke2 Qb2+ 48. Ke3 1/2-1/2

[Event "Titled Tuesday intern op 01st Feb-B"]
[Site "Chess.com INT"]
[Date "2022.02.02"]
[Round "2"]
[White "Wachinger, Guenther"]
[Black "Meftahi, Houssem"]
[Result "1-0"]
[WhiteElo "2215"]
[BlackElo "2098"]
[PlyCount "73"]
[EventDate "2022.02.02"]
[EventType "swiss (blitz)"]
[EventRounds "11"]
[EventCountry "USA"]
[SourceTitle "CBM 206 Extra"]
[Source "ChessBase"]
[SourceDate "2022.03.31"]
[SourceVersion "1"]
[SourceVersionDate "2022.03.31"]
[SourceQuality "1"]

1. e4 c5 2. Nf3 Nc6 3. d4 cxd4 4. Nxd4 Nf6 5. Nc3 e5 6. Ndb5 d6 7. Bg5 a6 8. Na3 b5 9. Nd5 Be7 10. Bxf6 Bxf6 11. c4 0-0 12. cxb5 Nd4 13. Bd3 Bg5 14. h4 Bh6 15. b6 Bb7 16. Nc7 f5 17. Nxa8 Qxa8 18. 0-0 fxe4 19. Be2 e3 20. f3 Qd8 21. Nc4 Qxh4 22. Qe1 Qh5 23. g3 Rxf3 24. Bxf3 Nxf3+ 25. Rxf3 Bxf3 26. Nxe3 d5 27. b7 d4 28. b8Q+ Kf7 29. Qc7+ Ke6 30. Ng2 Be3+ 31. Qxe3 dxe3 32. Qb6+ Kf7 33. Qxe3 e4 34. Qf4+ Ke6 35. Qe3 Qh3 36. Nf4+ Kf5 37. Nxh3 1-0

[Event "TUN-ch"]
[Site "Sfax"]
[Date "2022.01.26"]
[Round "5"]
[White "Ben Brahem, Aymen"]
[Black "Meftahi, Houssem"]
[Result "1/2-1/2"]
[WhiteElo "2131"]
[BlackElo "2098"]
[PlyCount "54"]
[EventDate "2022.01.22"]
[EventType "tourn"]
[EventRounds "11"]
[EventCountry "TUN"]
[SourceTitle "CBM 206 Extra"]
[Source "ChessBase"]
[SourceDate "2022.03.31"]
[SourceVersion "1"]
[SourceVersionDate "2022.03.31"]
[SourceQuality "1"]

1. d4 Nf6 2. Bf4 c5 3. d5 d6 4. Nc3 e5 5. dxe6 Bxe6 6. e4 Be7 7. Qd2 d5 8. Bxb8 Rxb8 9. Bb5+ Kf8 10. e5 Ne4 11. Nxe4 dxe4 12. Qxd8+ Rxd8 13. Rd1 Rxd1+ 14. Kxd1 Bg5 15. g3 Ke7 16. f4 exf3 17. Nxf3 Rd8+ 18. Ke1 Bh6 19. Rf1 c4 20. c3 a6 21. Ba4 Be3 22. Ke2 Bh3 23. Re1 Bc5 24. Rd1 Bg4 25. Rxd8 Kxd8 26. Bc2 g6 27. Be4 b5 1/2-1/2

[Event "TUN-ch"]
[Site "Sfax"]
[Date "2022.01.26"]
[Round "6"]
[White "Ben Ghanem, Hamed"]
[Black "Meftahi, Houssem"]
[Result "1/2-1/2"]
[WhiteElo "2100"]
[BlackElo "2098"]
[PlyCount "41"]
[EventDate "2022.01.22"]
[EventType "tourn"]
[EventRounds "11"]
[EventCountry "TUN"]
[SourceTitle "CBM 206 Extra"]
[Source "ChessBase"]
[SourceDate "2022.03.31"]
[SourceVersion "1"]
[SourceVersionDate "2022.03.31"]
[SourceQuality "1"]

1. d4 Nf6 2. Bf4 c5 3. dxc5 Na6 4. Nc3 Nxc5 5. Nf3 d6 6. e3 g6 7. Bc4 Be6 8. Bxe6 Nxe6 9. Bg3 Bg7 10. 0-0 Rc8 11. Nd4 Nxd4 12. exd4 0-0 13. Re1 Re8 14. Ne2 Qb6 15. Rb1 Qa5 16. a3 Ne4 17. c3 Nxg3 18. Nxg3 d5 19. Qb3 Rc7 20. Re2 e6 21. Rbe1 1/2-1/2

[Event "TUN-ch"]
[Site "Sfax"]
[Date "2022.01.23"]
[Round "2"]
[White "Meftahi, Houssem"]
[Black "Boudriga, Mohamed Ali"]
[Result "0-1"]
[WhiteElo "2098"]
[BlackElo "2293"]
[PlyCount "164"]
[EventDate "2022.01.22"]
[EventType "tourn"]
[EventRounds "11"]
[EventCountry "TUN"]
[SourceTitle "CBM 206 Extra"]
[Source "ChessBase"]
[SourceDate "2022.03.31"]
[SourceVersion "1"]
[SourceVersionDate "2022.03.31"]
[SourceQuality "1"]

1. e4 e5 2. Bc4 Nf6 3. Nc3 Nc6 4. d3 Na5 5. Nge2 Nxc4 6. dxc4 d6 7. Qd3 Be7 8. h3 Be6 9. Be3 c6 10. Rd1 a6 11. a4 Qa5 12. 0-0 Rd8 13. Bd2 Qc7 14. Bg5 h6 15. Bxf6 Bxf6 16. b3 0-0 17. Ng3 g6 18. Rfe1 Bg5 19. Nf1 f5 20. Nh2 f4 21. Nf3 Be7 22. Ne2 Qa5 23. Qd2 Qc7 24. Qc3 Bf6 25. Nc1 c5 26. Ne2 g5 27. Nh2 h5 28. g4 fxg3 29. Nxg3 Qh7 30. Nhf1 g4 31. Ne3 gxh3 32. Kh2 Bg5 33. Ngf5 Bf4+ 34. Kh1 Kh8 35. Rg1 Rg8 36. Rxg8+ Rxg8 37. Rxd6 Qg6 38. Rd1 Bxe3 39. Qxe5+ Kh7 40. Nxe3 Bg4 41. Nxg4 Qxg4 42. Qf5+ Qxf5 43. exf5 Rg2 44. Rd7+ Kh6 45. Rd6+ Kg5 46. Rd2 h4 47. a5 Kxf5 48. c3 Ke4 49. b4 Kf3 50. Rd3+ Kxf2 51. Rxh3 Rg4 52. bxc5 Rxc4 53. Rh2+ Kg3 54. Rg2+ Kf3 55. Rb2 Rxc3 56. Rxb7 Rxc5 57. Rb3+ Ke2 58. Ra3 Kd2 59. Ra4 Rh5 60. Kh2 Kc3 61. Kh3 Kb3 62. Ra1 Kb4 63. Kg4 Rh8 64. Kh3 Rh6 65. Ra2 Rh5 66. Ra1 Rxa5 67. Rb1+ Kc3 68. Kxh4 Rb5 69. Rc1+ Kb2 70. Rf1 a5 71. Rf2+ Kb1 72. Rf1+ Ka2 73. Kg4 a4 74. Rf2+ Kb3 75. Rf3+ Kb4 76. Rf4+ Ka5 77. Rf8 a3 78. Kg3 Ka4 79. Rf2 Rb3+ 80. Kg4 Rb2 81. Rf8 Rb4+ 82. Kg3 a2 0-1

[Event "TUN-ch"]
[Site "Sfax"]
[Date "2022.01.22"]
[Round "1"]
[White "Bahria, Mohamed Helmi"]
[Black "Meftahi, Houssem"]
[Result "1-0"]
[WhiteElo "2079"]
[BlackElo "2098"]
[PlyCount "103"]
[EventDate "2022.01.22"]
[EventType "tourn"]
[EventRounds "11"]
[EventCountry "TUN"]
[SourceTitle "CBM 206 Extra"]
[Source "ChessBase"]
[SourceDate "2022.03.31"]
[SourceVersion "1"]
[SourceVersionDate "2022.03.31"]
[SourceQuality "1"]

1. e4 c5 2. Nf3 e6 3. d4 cxd4 4. Nxd4 Nc6 5. Nc3 Qc7 6. Be3 a6 7. Qd2 Nf6 8. 0-0-0 Bb4 9. f3 Ne7 10. a3 Bxc3 11. Qxc3 Qxc3 12. bxc3 d5 13. e5 Nd7 14. f4 b6 15. Nb3 Bb7 16. h4 Rc8 17. Kb2 Nf5 18. Bf2 h5 19. Bd3 g6 20. Bxf5 gxf5 21. Rh3 Rg8 22. Rg3 Rxg3 23. Bxg3 Ke7 24. Bf2 a5 25. Rd3 Ba6 26. Rg3 Be2 27. Nd4 Bf1 28. Nf3 Nc5 29. Bxc5+ bxc5 30. Rg5 a4 31. Rxh5 Bxg2 32. Ng5 Bf1 33. Rh7 Rf8 34. h5 Be2 35. h6 Bh5 36. Rg7 Rh8 37. Nh7 Kd8 38. Ng5 Rxh6 39. Rxf7 Be2 40. Rxf5 exf5 41. Nf7+ Ke7 42. Nxh6 Ke6 43. Ng8 Bb5 44. Nf6 d4 45. cxd4 cxd4 46. Kc1 Ba6 47. Kd2 Bc4 48. c3 d3 49. Ne8 Kd5 50. Nd6 Ba6 51. c4+ Kd4 52. e6 1-0

[Event "Sousse BICA op 1st"]
[Site "Sousse"]
[Date "2021.12.29"]
[Round "8"]
[White "Doghri, Nabil"]
[Black "Meftahi, Houssem"]
[Result "1/2-1/2"]
[WhiteElo "2344"]
[BlackElo "2098"]
[PlyCount "102"]
[EventDate "2021.12.24"]
[EventType "swiss"]
[EventRounds "9"]
[EventCountry "TUN"]
[SourceTitle "CBM 205 Extra"]
[Source "ChessBase"]
[SourceDate "2022.01.31"]
[SourceVersion "1"]
[SourceVersionDate "2022.01.31"]
[SourceQuality "1"]

1. e4 c5 2. Nf3 e6 3. d4 cxd4 4. Nxd4 Nc6 5. Nc3 Qc7 6. Be3 a6 7. a3 Nf6 8. f4 Nxd4 9. Qxd4 Ng4 10. Qb6 Bd6 11. e5 Nxe3 12. Qxe3 Be7 13. 0-0-0 b5 14. Ne4 Bb7 15. Nd6+ Kf8 16. f5 h6 17. Kb1 Bd5 18. fxe6 dxe6 19. Qf4 Bxd6 20. exd6 Qc6 21. Bd3 Rd8 22. Rhf1 Rd7 23. Bg6 f6 24. Qb4 Qxd6 25. Rxd5 Qxb4 26. Rxd7 Qg4 27. Rd8+ Ke7 28. Rxh8 Qxg6 29. g3 Qh5 30. Rb8 Qd5 31. Rc1 e5 32. c4 Qd3+ 33. Ka2 bxc4 34. Rb4 e4 35. Rbxc4 Kf7 36. R4c3 Qd4 37. Kb1 Kg6 38. Kc2 e3 39. Rd1 Qe4+ 40. Kc1 f5 41. Re1 f4 42. gxf4 Qxf4 43. h3 e2+ 44. Kc2 Qe4+ 45. Kd2 Qf4+ 46. Kc2 Qe4+ 47. Rd3 Qc4+ 48. Kd2 Qf4+ 49. Kc2 Qc4+ 50. Rc3 Qe4+ 51. Kd2 Qf4+ 1/2-1/2

[Event "Sousse BICA op 1st"]
[Site "Sousse"]
[Date "2021.12.25"]
[Round "3"]
[White "Meftahi, Houssem"]
[Black "Galaiow, Hosam Faraj"]
[Result "1-0"]
[WhiteElo "2098"]
[BlackElo "1762"]
[PlyCount "159"]
[EventDate "2021.12.24"]
[EventType "swiss"]
[EventRounds "9"]
[EventCountry "TUN"]
[SourceTitle "CBM 205 Extra"]
[Source "ChessBase"]
[SourceDate "2022.01.31"]
[SourceVersion "1"]
[SourceVersionDate "2022.01.31"]
[SourceQuality "1"]

1. e4 e6 2. d3 d5 3. Nd2 c5 4. Ngf3 Nf6 5. g3 Nc6 6. Bg2 Be7 7. 0-0 0-0 8. Re1 dxe4 9. dxe4 e5 10. c3 h6 11. Qc2 Be6 12. Nf1 Rc8 13. Rd1 Qc7 14. Ne3 Rcd8 15. Nh4 Rxd1+ 16. Qxd1 Rd8 17. Qc2 Qd7 18. Bf1 g6 19. Nd5 Kg7 20. Nxe7 Nxe7 21. Nf3 Nc6 22. Be3 Bg4 23. Be2 b6 24. Rd1 Qe6 25. Rxd8 Nxd8 26. Qd2 Qd7 27. Bxh6+ Kh7 28. Qxd7 Nxd7 29. Be3 Nf6 30. Ng5+ Kg7 31. Bc4 Bd7 32. Bb3 Ng4 33. Bc1 b5 34. h3 Nf6 35. Be3 c4 36. Bc2 a5 37. Bb6 Nc6 38. Kg2 Bc8 39. Nf3 Nd7 40. Be3 Bb7 41. Nd2 Nf6 42. f3 Bc8 43. a4 Ba6 44. axb5 Bxb5 45. Bd1 a4 46. Be2 Na5 47. Bb6 Nb3 48. Bxc4 Bxc4 49. Nxc4 Nd7 50. Be3 Na1 51. Kf2 f6 52. Ke2 Nb3 53. Nb6 Ndc5 54. h4 f5 55. exf5 gxf5 56. h5 e4 57. h6+ Kg6 58. Nd5 Nd3 59. fxe4 fxe4 60. Nf4+ Nxf4+ 61. Bxf4 Na5 62. g4 Nc4 63. Bc1 Ne5 64. g5 Nd3 65. Kd1 e3 66. Bxe3 Nxb2+ 67. Kc2 Nc4 68. Bc1 Ne5 69. Be3 Nc4 70. Bf4 Nb6 71. Kd3 Nd7 72. c4 Nb6 73. c5 Nd5 74. Bc1 Ne7 75. Kc4 Kf7 76. Kb4 Nd5+ 77. Kxa4 Nc3+ 78. Ka5 Ne4 79. c6 Nd6 80. c7 1-0